El Mediterráneo y el mundo mediterráneo : en la época de Felipe II /
Guardado en:
| Autor Principal: | |
|---|---|
| Formato: | Libro |
| Idioma: | Spanish |
| Publicado: |
México :
Fondo de cultura económica,
1953.
|
| Etiquetas: |
Agregar Etiqueta
Sin Etiquetas, Sea el primero en etiquetar este registro!
|
| LEADER | 00477nam a22001335a 4500 | ||
|---|---|---|---|
| 001 | EUN.um045262 | ||
| 008 | 041125s1953####mx#a##########000#0#spa#d | ||
| 005 | 20100519134826.0 | ||
| 245 | 1 | 3 | |a El Mediterráneo y el mundo mediterráneo : |b en la época de Felipe II / |c Fernand Braudel. |
| 260 | |a México : |b Fondo de cultura económica, |c 1953. | ||
| 300 | |a 2 v. : |b ilus. ; |c 24 cm. | ||
| 100 | 1 | |a Braudel, Fernand. | |
| 082 | 0 | 4 | |a 940.2 |
| 859 | |a Ar-BaUNS |b BIB. CENTRAL - Sector A |h 940.2 |i B738 |p 3409/958 |v v.1 | ||
